[Event "Mondiale Lampo FIDE 2022"]
[Site "Alma Ata"]
[Date "29.12.2022"]
[Round "4.59"]
[White "Sankalp, Gupta"]
[Black "Adhiban, Baskaran"]
[Result "1-0"]
[WhiteTitle ""]
[BlackTitle ""]
[WhiteElo "2485"]
[BlackElo "2611"]
[WhiteFideId "5097010"]
[BlackFideId "5018471"]
[EventDate "29.12.2022"]

1. e4 c5 2. Nf3 Nc6 3. Nc3 e5 4. Bc4 d6 5. d3 h6 6. Nd2 g6 7. Nf1 Bg7 8. Ne3
Nge7 9. a4 O-O 10. h4 Kh7 11. h5 g5 12. g4 a6 13. Bd2 Rb8 14. Ned5 Nxd5 15. Bxd5
Ne7 16. Bc4 b6 17. Qf3 Qd7 18. Rg1 Nc6 19. Ne2 b5 20. axb5 axb5 21. Bb3 Bb7 22.
c3 Ra8 23. Rxa8 Bxa8 24. Ng3 c4 25. Bc2 Ne7 26. Ke2 Kg8 27. Nf5 Nxf5 28. Qxf5
Qxf5 29. gxf5 d5 30. f3 Bb7 31. b3 Ra8 32. bxc4 bxc4 33. Rb1 cxd3+ 34. Bxd3 dxe4
35. fxe4 Bc6 36. Rb6 Be8 37. Bc4 Bf8 38. Bd5 Rc8 39. c4 Kg7 40. f6+ Kg8 41. Bc3
Bc5 42. Ra6 Bd7 43. Bxe5 Bg4+ 44. Kd3 Bxh5 45. Bd4 Bf8 46. e5 Bg6+ 47. Ke3 Bf5
48. Ra7 Be6 49. Bxe6 fxe6 50. Kd3 h5 51. c5 h4 52. Be3 g4 53. Ra4 g3 54. Rxh4
Kf7 55. Kc4 Ra8 56. Kb5 Rb8+ 57. Kc6 Rb3 58. Bd4 Rd3 59. Rg4 g2 60. Bg1 Rd2 61.
Kc7 Bh6 62. c6 Rd1 63. Rxg2 Bf4 64. Bh2 Be3 65. Rg7+ Kf8 66. Rd7 Ra1 67. Kb7
Rb1+ 68. Kc8 Ra1 69. c7 Ra2 70. Rd8+ Kf7 71. Kb7 Rb2+ 72. Kc6 Rc2+ 73. Kb7 Rb2+
74. Ka6 Ra2+ 75. Kb5 Rb2+ 76. Ka4 1-0

[Event "Mondiale Lampo FIDE 2022"]
[Site "Alma Ata"]
[Date "29.12.2022"]
[Round "4.60"]
[White "Sjugirov, Sanan"]
[Black "Gharibyan, Mamikon"]
[Result "0-1"]
[WhiteTitle ""]
[BlackTitle ""]
[WhiteElo "2712"]
[BlackElo "2480"]
[WhiteFideId "4189302"]
[BlackFideId "13308300"]
[EventDate "29.12.2022"]

1. e4 e5 2. Nf3 Nc6 3. Bb5 a6 4. Ba4 Nf6 5. O-O Bc5 6. c3 O-O 7. d4 Ba7 8. Re1
b5 9. Bb3 d6 10. h3 h6 11. Be3 Bb7 12. Nbd2 exd4 13. cxd4 Nb4 14. Qb1 c5 15. a3
cxd4 16. Nxd4 Nc6 17. Nf5 Ne7 18. Nxe7+ Qxe7 19. Bxa7 Rxa7 20. Qd3 Ba8 21. Re3
Nd7 22. Ba2 Qf6 23. Rb1 Rc7 24. Rf3 Qe7 25. Qe3 Ne5 26. Rg3 Qf6 27. f4 Ng6 28.
Rf1 Rc2 29. Bb1 Rxb2 30. e5 dxe5 31. f5 Nf4 32. Be4 Rxd2 33. Bxa8 Ne2+ 0-1

[Event "Mondiale Lampo FIDE 2022"]
[Site "Alma Ata"]
[Date "29.12.2022"]
[Round "4.61"]
[White "Maze, Sebastien"]
[Black "Ghaem Maghami, Ehsan"]
[Result "1-0"]
[WhiteTitle ""]
[BlackTitle ""]
[WhiteElo "2538"]
[BlackElo "2490"]
[WhiteFideId "613762"]
[BlackFideId "12500739"]
[EventDate "29.12.2022"]

1. e4 c5 2. Nf3 e6 3. c4 Nc6 4. Nc3 Nf6 5. Be2 e5 6. d3 h6 7. Nd2 a6 8. Nf1 b5
9. b3 Nd4 10. Ne3 Bb7 11. O-O Be7 12. Bg4 g6 13. Bh3 h5 14. Nc2 d6 15. f4 Nd7
16. Bxd7+ Qxd7 17. Nxd4 exd4 18. Nd5 Bxd5 19. cxd5 f5 20. Qf3 Rd8 21. Bd2 O-O
22. Rfe1 Rf7 23. Ba5 fxe4 24. Qxe4 Rdf8 25. Qxg6+ Rg7 26. Qxh5 Rxf4 27. Re6 Rh4
28. Qe2 Bg5 29. Bd2 Bxd2 30. Qxd2 Qb7 31. Qf2 Rhg4 32. Re8+ Kh7 33. Qf5+ R4g6
34. Rae1 Rf7 35. Qh5+ Rh6 36. Rh8+ Kxh8 37. Qxh6+ 1-0

[Event "Mondiale Lampo FIDE 2022"]
[Site "Alma Ata"]
[Date "29.12.2022"]
[Round "4.62"]
[White "Ghasi, Ameet K"]
[Black "Gadimbayli, Abdulla"]
[Result "1-0"]
[WhiteTitle ""]
[BlackTitle ""]
[WhiteElo "2471"]
[BlackElo "2524"]
[WhiteFideId "409200"]
[BlackFideId "13404938"]
[EventDate "29.12.2022"]

1. Nf3 d5 2. g3 Nf6 3. Bg2 c5 4. O-O Nc6 5. d3 e6 6. Nbd2 g6 7. e4 Bg7 8. Re1
O-O 9. c3 b6 10. Nf1 dxe4 11. dxe4 Qxd1 12. Rxd1 Bb7 13. e5 Nd5 14. Re1 h6 15.
h4 Rad8 16. N1d2 Rd7 17. Nc4 Rfd8 18. a4 Ba6 19. Nfd2 Nde7 20. Bf1 Bxc4 21. Nxc4
Rd1 22. Rxd1 Rxd1 23. Ne3 Rd8 24. f4 Na5 25. Ra3 Nf5 26. Kf2 Nxe3 27. Bxe3 Rd1
28. b4 cxb4 29. cxb4 Bf8 30. Rc3 Bxb4 31. Rc7 Nb3 32. Be2 Ra1 33. Rxa7 Nc5 34.
Bb5 Ne4+ 35. Kf3 Nc3 36. Be8 Ra3 37. Bxf7+ Kf8 38. Bc1 Rb3 39. Bxe6 Rb1 40. Bd2
Rd1 41. Bxc3 Bxc3 42. Rf7+ Ke8 43. Rg7 Rd3+ 44. Kg2 Be1 45. Rxg6 Ra3 46. Bd5 Ke7
47. h5 Rxa4 48. Rxh6 b5 49. Rg6 b4 50. h6 1-0

[Event "Mondiale Lampo FIDE 2022"]
[Site "Alma Ata"]
[Date "29.12.2022"]
[Round "4.63"]
[White "Arjun, Kalyan"]
[Black "Aravindh, Chithambaram VR."]
[Result "1/2-1/2"]
[WhiteTitle ""]
[BlackTitle ""]
[WhiteElo "2505"]
[BlackElo "2607"]
[WhiteFideId "35018701"]
[BlackFideId "5072786"]
[EventDate "29.12.2022"]

1. e4 e5 2. Nf3 d6 3. d4 exd4 4. Nxd4 Nf6 5. Nc3 Be7 6. g3 h5 7. h3 d5 8. e5 Ne4
9. Nxe4 dxe4 10. Bg2 Bc5 11. c3 Qe7 12. O-O Qxe5 13. Bf4 Qe7 14. Bxe4 c6 15. Re1
Bxd4 16. Bxc6+ Nxc6 17. Rxe7+ Nxe7 18. Qxd4 O-O 19. Qc5 Nf5 20. Re1 Be6 21. a4
Rad8 22. Qxa7 Bd5 23. Qc5 g6 24. b4 Bf3 25. a5 Rfe8 26. Rxe8+ Rxe8 27. Be3 Rd8
28. Bd4 Re8 29. Be3 Rd8 30. Bd4 Re8 31. Be3 Rd8 32. Bd4 Re8 33. Be3 1/2-1/2

[Event "Mondiale Lampo FIDE 2022"]
[Site "Alma Ata"]
[Date "29.12.2022"]
[Round "4.64"]
[White "Utegaliyev, Azamat"]
[Black "Tang, Andrew"]
[Result "0-1"]
[BlackTitle ""]
[WhiteElo "2445"]
[BlackElo "2540"]
[WhiteFideId "13702467"]
[BlackFideId "2059630"]
[EventDate "29.12.2022"]

1. e4 e5 2. Nf3 Nc6 3. Bb5 g6 4. d4 exd4 5. Bg5 Be7 6. Bxe7 Qxe7 7. Bxc6 dxc6 8.
Qxd4 Nf6 9. Nc3 Bg4 10. Nd2 c5 11. Qe3 O-O-O 12. h3 Be6 13. O-O-O b6 14. Rhe1
Kb8 15. f4 Bc8 16. g4 Bb7 17. a3 Rhe8 18. e5 Nd5 19. Nxd5 Rxd5 20. Ne4 Rxd1+ 21.
Rxd1 Qh4 22. Ng5 f6 23. exf6 Rxe3 24. f7 Qf2 25. f8=Q+ Bc8 26. Kb1 Kb7 27. Nf7
Re1 28. Nd8+ Ka6 29. Rxe1 Qxe1+ 30. Ka2 Qd2 31. c3 Bd7 32. Qf7 Bb5 33. c4 Ba4
34. Ne6 Qc2 35. Nxc5+ bxc5 0-1

[Event "Mondiale Lampo FIDE 2022"]
[Site "Alma Ata"]
[Date "29.12.2022"]
[Round "4.65"]
[White "Narayanan, S.L."]
[Black "Uruci, Endrit"]
[Result "1-0"]
[WhiteTitle ""]
[BlackTitle ""]
[WhiteElo "2669"]
[BlackElo "2297"]
[WhiteFideId "5058422"]
[BlackFideId "22100199"]
[EventDate "29.12.2022"]

1. c4 Nf6 2. Nc3 e5 3. Nf3 Nc6 4. g3 Bb4 5. Bg2 Bxc3 6. bxc3 O-O 7. O-O Re8 8.
d3 e4 9. Ng5 exd3 10. exd3 b6 11. Bd5 Nxd5 12. cxd5 Ne5 13. f4 h6 14. fxe5 hxg5
15. d4 d6 16. Qh5 g6 17. Qh6 Qe7 18. Bxg5 Qf8 19. Qh4 Qg7 20. e6 fxe6 21. Bh6
Qh7 22. Rf6 exd5 23. Qg5 Be6 24. Rxg6+ Kh8 1-0

[Event "Mondiale Lampo FIDE 2022"]
[Site "Alma Ata"]
[Date "29.12.2022"]
[Round "4.66"]
[White "Aleksandrov, Aleksej"]
[Black "Yakubboev, Nodirbek"]
[Result "1/2-1/2"]
[WhiteTitle ""]
[BlackTitle ""]
[WhiteElo "2495"]
[BlackElo "2647"]
[WhiteFideId "13500139"]
[BlackFideId "14203987"]
[EventDate "29.12.2022"]

1. Nf3 d5 2. e3 Nf6 3. c4 e6 4. b3 Be7 5. Bb2 O-O 6. Be2 b6 7. O-O Bb7 8. Nc3
Nbd7 9. Rc1 a6 10. Rc2 Rc8 11. Qa1 c5 12. cxd5 exd5 13. d4 b5 14. dxc5 Nxc5 15.
Rd1 b4 16. Nb1 Qd6 17. Nd4 Qd7 18. Nd2 Bd6 19. Rdc1 Rc7 20. a3 bxa3 21. Bxa3
Rfc8 22. h3 h6 23. Qa2 Nce4 24. Bxd6 Qxd6 25. Nxe4 Nxe4 26. Rxc7 Rxc7 27. Rxc7
Qxc7 28. Qc2 Qxc2 29. Nxc2 a5 30. f3 Nc3 31. Kf2 Kf8 32. Ke1 Ke7 33. Kd2 Na2 34.
Nd4 g6 35. Bd3 Kd6 36. Bb1 Nb4 37. h4 Bc8 38. Kc3 Bd7 39. g3 Kc5 40. Kd2 Na6 41.
Kc3 Nc7 42. Ne2 Nb5+ 43. Kb2 Kb4 44. Bd3 Nc7 45. Nd4 Ne8 46. Nc2+ Kc5 47. Kc3
Nd6 48. Nd4 Ne8 49. Be2 Nc7 50. Bd3 Ne8 51. Be2 Ng7 52. Bd3 Nh5 53. Ne2 Nf6 54.
Nd4 Ng8 55. Be2 Ne7 56. Bd3 Nc8 57. Be2 Nd6 58. Bd3 Nb7 59. Be2 Kd6 60. Bd3 Nc5
61. Bc2 Be8 62. b4 axb4+ 63. Kxb4 Ne6 64. Kc3 Ke5 65. Nxe6 fxe6 66. f4+ Kf6 67.
Kd4 h5 68. Kc5 Bf7 69. Kd6 Be8 70. Bd3 Ba4 71. Bb1 Bd1 72. Bd3 Bg4 73. Kc5 Bf5
74. Be2 Be4 75. Kd4 Kf5 76. Bd1 Bb1 77. Be2 Bc2 78. Bf3 Bb1 79. Bd1 Be4 80. Be2
Kf6 81. Kc3 e5 82. Kd2 Ke6 83. fxe5 Kxe5 84. Ke1 Bf5 85. Kf2 Bg4 86. Bb5 Be6 87.
Bd3 Bf5 88. Bb5 Ke4 89. Ba6 Ke5 90. Bb5 d4 1/2-1/2

[Event "Mondiale Lampo FIDE 2022"]
[Site "Alma Ata"]
[Date "29.12.2022"]
[Round "4.67"]
[White "Haldorsen, Benjamin"]
[Black "Gareyev, Timur"]
[Result "0-1"]
[WhiteTitle ""]
[BlackTitle ""]
[WhiteElo "2449"]
[BlackElo "2602"]
[WhiteFideId "1512633"]
[BlackFideId "14200937"]
[EventDate "29.12.2022"]

1. Nf3 g6 2. g3 Bg7 3. Bg2 f5 4. O-O Nf6 5. d4 O-O 6. c4 d6 7. Nc3 Na6 8. b3 Qe8
9. Re1 e5 10. dxe5 dxe5 11. Ba3 Rf7 12. e4 f4 13. gxf4 Bg4 14. Qc1 Bxf3 15. Bxf3
Bh6 16. Ne2 Nd7 17. Qc3 exf4 18. e5 c6 19. Bb2 Bg7 20. Nd4 Nxe5 21. Kh1 Nc5 22.
Rad1 a5 23. Ba3 Ne6 24. Nxe6 Qxe6 25. Bd6 Nxf3 26. Qxf3 Qf5 27. c5 h5 28. Re2 a4
29. b4 Bb2 30. Rxb2 Re8 31. Re2 Rxe2 32. Qxe2 f3 33. Qe8+ Kh7 34. Be5 Kh6 35.
Qh8+ Kg5 36. h4+ Kxh4 37. Qd8+ g5 38. Rd4+ Kh3 39. Qd6 Qb1+ 40. Rd1 Qf5 41. Rd4 0-1

[Event "Mondiale Lampo FIDE 2022"]
[Site "Alma Ata"]
[Date "29.12.2022"]
[Round "4.68"]
[White "Suleymenov, Alisher"]
[Black "Ponkratov, Pavel"]
[Result "0-1"]
[WhiteTitle ""]
[BlackTitle ""]
[WhiteElo "2476"]
[BlackElo "2577"]
[WhiteFideId "13707833"]
[BlackFideId "4157800"]
[EventDate "29.12.2022"]

1. d4 Nf6 2. c4 e5 3. dxe5 Ng4 4. Bf4 Nc6 5. Nf3 Bb4+ 6. Nbd2 Qe7 7. a3 Ngxe5 8.
Nxe5 Nxe5 9. e3 Bxd2+ 10. Qxd2 O-O 11. c5 Re8 12. Rc1 b6 13. cxb6 cxb6 14. Qd5
Rb8 15. Rc7 Ng6 16. Bd6 Qf6 17. Bc4 Bb7 18. Rxb7 Rxb7 19. O-O b5 20. Qxb7 bxc4
21. Bc5 Qg5 22. Bxa7 d5 23. Rd1 Rd8 24. Bb6 Nh4 25. g3 Qh5 26. Rc1 Nf3+ 27. Kg2
Ng5 28. h4 Qf3+ 29. Kg1 Nh3+ 30. Kh2 Nxf2 31. Bxd8 Ng4+ 32. Kh3 Nxe3 33. Rg1
Qf5+ 34. Kh2 Qf2+ 35. Kh1 Ng4 0-1

[Event "Mondiale Lampo FIDE 2022"]
[Site "Alma Ata"]
[Date "29.12.2022"]
[Round "4.69"]
[White "Hambleton, Aman"]
[Black "Gurel, Ediz"]
[Result "1-0"]
[WhiteTitle ""]
[BlackTitle ""]
[WhiteElo "2437"]
[BlackElo "2454"]
[WhiteFideId "2606577"]
[BlackFideId "44507356"]
[EventDate "29.12.2022"]

1. d4 Nf6 2. Bf4 e6 3. e3 d5 4. Nf3 Bd6 5. Nbd2 O-O 6. Bd3 c5 7. c3 Nc6 8. Bg3
Re8 9. Ne5 Bxe5 10. dxe5 Nd7 11. f4 f5 12. O-O a5 13. Nf3 b6 14. Qe2 a4 15. Rad1
Qe7 16. Bh4 Qf8 17. g4 c4 18. Bb1 Ra5 19. gxf5 exf5 20. Kh1 Ne7 21. Nd4 Nc5 22.
Bxe7 Rxe7 23. Nc6 d4 24. Nxe7+ Qxe7 25. exd4 Bb7+ 26. Kg1 Ne4 27. Qxc4+ Kh8 28.
Bxe4 fxe4 29. d5 e3 30. Qe4 e2 31. Qxe2 Bxd5 32. Rd4 h6 33. Rfd1 Qe6 34. Qd3
Qg4+ 35. Qg3 Qe6 36. f5 Qxf5 37. Rxd5 Rxd5 38. Rxd5 Qb1+ 39. Kg2 Qe4+ 40. Qf3
Qg6+ 41. Kf2 Qc2+ 42. Ke1 Qb1+ 43. Rd1 Qxb2 44. Rd8+ 1-0

[Event "Mondiale Lampo FIDE 2022"]
[Site "Alma Ata"]
[Date "29.12.2022"]
[Round "4.70"]
[White "Vetokhin, Savva"]
[Black "Le, Tuan Minh"]
[Result "1/2-1/2"]
[WhiteTitle ""]
[BlackTitle ""]
[WhiteElo "2354"]
[BlackElo "2542"]
[WhiteFideId "44144474"]
[BlackFideId "12401153"]
[EventDate "29.12.2022"]

1. Nf3 d5 2. g3 Nd7 3. d4 Nb6 4. Bg2 Bf5 5. O-O e6 6. Nbd2 h6 7. b3 Nf6 8. c4 c6
9. Re1 Be7 10. Bb2 O-O 11. Ne5 a5 12. e4 dxe4 13. Nxe4 Bxe4 14. Bxe4 a4 15. Bc3
Nbd7 16. Bf3 Nxe5 17. dxe5 Nd7 18. Be4 Qc7 19. Bc2 Rfd8 20. Qe2 axb3 21. axb3
Qb6 22. Qe4 Nf8 23. Rxa8 Rxa8 24. Ra1 Rxa1+ 25. Bxa1 Bc5 26. Qe2 Bd4 27. Bxd4
Qxd4 28. Kg2 Nd7 29. f4 Nc5 30. Qf2 Qc3 31. Qxc5 Qxc2+ 32. Kh3 Qxb3 33. Qe7 Qxc4
34. Qe8+ Kh7 35. Qxf7 Qf1+ 36. Kh4 Qe2 37. Qxe6 Qxh2+ 38. Kg4 Qe2+ 39. Kh4 Qh2+
40. Kg4 h5+ 41. Kf3 Qh1+ 42. Kf2 Qd5 43. Qf5+ g6 44. Qc8 Qd2+ 45. Kf3 Qd3+ 46.
Kf2 Qd4+ 47. Kf3 Qc3+ 48. Kf2 Qc2+ 49. Kf3 Qb3+ 50. Kf2 Qa2+ 51. Kf3 Qd5+ 52.
Kf2 1/2-1/2

[Event "Mondiale Lampo FIDE 2022"]
[Site "Alma Ata"]
[Date "29.12.2022"]
[Round "4.71"]
[White "Mamedov, Edgar"]
[Black "Dardha, Daniel"]
[Result "0-1"]
[WhiteTitle ""]
[BlackTitle ""]
[WhiteElo "2283"]
[BlackElo "2606"]
[WhiteFideId "13739980"]
[BlackFideId "240990"]
[EventDate "29.12.2022"]

1. d4 d5 2. c4 e6 3. Nf3 Nf6 4. Nc3 Be7 5. cxd5 exd5 6. Bf4 O-O 7. Qc2 c5 8. e3
Nc6 9. dxc5 Bxc5 10. Rd1 h6 11. Be2 Be7 12. O-O Be6 13. Ne5 Qb6 14. Bf3 Rfd8 15.
Nxc6 bxc6 16. Na4 Qa5 17. Rc1 Rac8 18. Nc5 Bxc5 19. Qxc5 Qxa2 20. b4 Ne4 21.
Bxe4 dxe4 22. Ra1 Qb3 23. Rab1 Qa3 24. Ra1 Qd3 25. Qxa7 Bc4 26. Rfc1 Bb5 27. Qa3
Qxa3 28. Rxa3 Rd3 29. Raa1 Rcd8 30. h4 f6 31. Bc7 R8d5 32. Bb6 Rh5 33. g3 Rd2
34. Rd1 Rb2 35. Bc5 Rf5 36. Rf1 Bxf1 37. Rxf1 Rf3 38. Kg2 h5 39. Bd6 Kf7 40. Kg1
Ke6 41. Bf8 g6 42. Bc5 Kf5 43. Bd6 g5 44. hxg5 fxg5 45. g4+ Kxg4 46. Rc1 Rbxf2
47. Bh2 Kh3 48. Be5 h4 49. Bd6 g4 50. Bf4 g3 0-1

[Event "Mondiale Lampo FIDE 2022"]
[Site "Alma Ata"]
[Date "29.12.2022"]
[Round "4.72"]
[White "Harsha, Bharathakoti"]
[Black "Khusenkhojaev, Mustafokhuja"]
[Result "0-1"]
[WhiteTitle ""]
[WhiteElo "2593"]
[BlackElo "2265"]
[WhiteFideId "5078776"]
[BlackFideId "14700727"]
[EventDate "29.12.2022"]

1. c4 Nf6 2. Nc3 d5 3. cxd5 Nxd5 4. Nf3 g6 5. h4 Bg7 6. h5 Nc6 7. g3 O-O 8. Bg2
Nxc3 9. bxc3 e5 10. Qc2 Bf5 11. e4 Bg4 12. hxg6 hxg6 13. d3 b5 14. Be3 Qd7 15.
Ng5 Rfd8 16. f3 Be6 17. Bf1 b4 18. Qh2 bxc3 19. Qh7+ Kf8 20. Bc5+ Ne7 21. Rc1
Rab8 22. Rxc3 Rb1+ 23. Kf2 Rb5 24. Kg2 Bxa2 25. Be2 Rxc5 26. Rxc5 Rb8 27. Rc2
Bb3 28. Rc3 Qd4 29. Rxc7 Qe3 30. Re1 Qxg5 31. Rxa7 Be6 32. Qh1 Nc6 33. Ra3 Nd4
34. Rea1 Kg8 35. Bd1 Rb2+ 36. Kf1 Qxg3 37. Ra8+ Bf8 38. Rxf8+ Kxf8 39. Qh8+ Ke7
40. Ra7+ Bd7 0-1

[Event "Mondiale Lampo FIDE 2022"]
[Site "Alma Ata"]
[Date "29.12.2022"]
[Round "4.73"]
[White "Amangeldy, Ernur"]
[Black "Alonso Rosell, Alvar"]
[Result "0-1"]
[BlackTitle ""]
[WhiteElo "2097"]
[BlackElo "2561"]
[WhiteFideId "13720244"]
[BlackFideId "2270544"]
[EventDate "29.12.2022"]

1. d4 Nf6 2. c4 e6 3. Nf3 d5 4. Nc3 Bb4 5. g3 O-O 6. Bg2 dxc4 7. a3 Bxc3+ 8.
bxc3 c5 9. O-O Nc6 10. dxc5 Qa5 11. Be3 Ng4 12. Qc1 Bd7 13. h3 Nf6 14. Nd4 e5
15. Nc2 Bf5 16. Nb4 Be4 17. Rd1 Bxg2 18. Kxg2 Qa4 19. Qb1 Rfd8 20. Qf5 Rxd1 0-1

[Event "Mondiale Lampo FIDE 2022"]
[Site "Alma Ata"]
[Date "29.12.2022"]
[Round "4.74"]
[White "Burmakin, Vladimir"]
[Black "Elier, Ali"]
[Result "1/2-1/2"]
[WhiteTitle ""]
[WhiteElo "2498"]
[BlackElo "2165"]
[WhiteFideId "4105109"]
[BlackFideId "16217543"]
[EventDate "29.12.2022"]

1. Nf3 Nf6 2. g3 d5 3. Bg2 e6 4. c4 Be7 5. b3 O-O 6. Bb2 c5 7. cxd5 Nxd5 8. O-O
Bf6 9. Qc1 Nc6 10. Nc3 Nxc3 11. Bxc3 Nd4 12. Re1 Rb8 13. e3 Nxf3+ 14. Bxf3 b6
15. Rd1 Bb7 16. Bxb7 Rxb7 17. Bxf6 Qxf6 18. d4 Rc7 19. dxc5 Rxc5 20. Qd2 Rd5 21.
Qe2 Rfd8 22. Rac1 g6 23. Rxd5 Rxd5 24. e4 Rc5 25. Rxc5 bxc5 26. Qa6 Qa1+ 27. Kg2
Qd4 28. Qb7 a5 29. a4 Kg7 30. Qa8 h5 31. Qxa5 Qxe4+ 32. Kf1 Qb1+ 33. Kg2 Qe4+ 1/2-1/2

[Event "Mondiale Lampo FIDE 2022"]
[Site "Alma Ata"]
[Date "29.12.2022"]
[Round "4.75"]
[White "Akhilbay, Imangali"]
[Black "Christiansen, Johan-Sebastian"]
[Result "0-1"]
[BlackTitle ""]
[WhiteElo "2140"]
[BlackElo "2578"]
[WhiteFideId "13734857"]
[BlackFideId "1512668"]
[EventDate "29.12.2022"]

1. d4 Nf6 2. Bf4 Nh5 3. Bg5 h6 4. Bd2 c5 5. e4 Nf6 6. e5 Ne4 7. Be3 cxd4 8. Qxd4
Ng5 9. f4 Ne6 10. Qd2 g6 11. Nc3 Nc6 12. Nf3 Ng7 13. Bc4 Nf5 14. Bf2 h5 15. Ne4
Bg7 16. Nfg5 Nh6 17. h3 Qc7 18. Bb3 Na5 19. Nd6+ exd6 20. exd6 Qd8 21. Qe2+ Kf8
22. Bd5 Bxb2 23. O-O Qf6 24. Ne4 Qf5 25. Rfd1 Bxa1 26. Ng3 Qf6 27. Ne4 Qg7 28.
Ng5 Qf6 29. Ne4 Qb2 30. Qe3 Nf5 31. Qd3 Qg7 32. c3 Nc6 33. Rxa1 h4 34. Re1 Rh5
35. Ng5 Qf6 36. Qe2 Kg7 37. Qe8 Nxd6 38. Qe2 Qxf4 39. Nf3 Nf5 40. Bxc6 dxc6 41.
Qe8 Rh8 42. Qe2 Be6 43. Bd4+ Nxd4 44. cxd4 Rad8 0-1

[Event "Mondiale Lampo FIDE 2022"]
[Site "Alma Ata"]
[Date "29.12.2022"]
[Round "4.76"]
[White "Nesterov, Arseniy"]
[Black "Sapenov, Daniyal"]
[Result "1/2-1/2"]
[WhiteTitle ""]
[BlackTitle ""]
[WhiteElo "2573"]
[BlackElo "2323"]
[WhiteFideId "24198455"]
[BlackFideId "13728911"]
[EventDate "29.12.2022"]

1. d4 Nf6 2. c4 e6 3. Nf3 d5 4. Nc3 c5 5. cxd5 cxd4 6. Qxd4 exd5 7. Bg5 Be7 8.
e3 O-O 9. Be2 Nc6 10. Qd3 Be6 11. O-O h6 12. Bh4 Qb6 13. a3 Rfd8 14. b4 Rac8 15.
Rac1 a6 16. Na4 Qa7 17. Nc5 Bxc5 18. Bxf6 gxf6 19. Rxc5 Ne5 20. Qd4 Rxc5 21.
bxc5 Rc8 22. Rc1 b6 23. c6 Rxc6 24. Rxc6 Nxc6 25. Qxf6 b5 26. Qxh6 Qc5 27. h3
Qxa3 28. Qf4 Qe7 29. Bd3 f6 30. Qh6 Qg7 31. Qh5 Qf7 32. Qh4 Ne5 33. Qg3+ Qg7 1/2-1/2

[Event "Mondiale Lampo FIDE 2022"]
[Site "Alma Ata"]
[Date "29.12.2022"]
[Round "4.77"]
[White "Zverev, Lev"]
[Black "Donchenko, Alexander"]
[Result "0-1"]
[WhiteTitle ""]
[BlackTitle ""]
[WhiteElo "2310"]
[BlackElo "2636"]
[WhiteFideId "24250775"]
[BlackFideId "24603295"]
[EventDate "29.12.2022"]

1. e4 g6 2. d4 Bg7 3. Nc3 d6 4. Be3 a6 5. Qd2 Nd7 6. h4 h6 7. a4 Ngf6 8. f3 c5
9. Nge2 Qc7 10. g3 cxd4 11. Nxd4 Ne5 12. a5 Bd7 13. Na4 Bxa4 14. Rxa4 Nfd7 15.
b3 Nxf3+ 16. Nxf3 Bc3 17. Bc4 Bxd2+ 18. Nxd2 b5 19. axb6 Nxb6 20. Rxa6 Rxa6 21.
Bb5+ Nd7 22. Bxa6 Qxc2 23. O-O O-O 24. Bxh6 Rb8 25. Nf3 Rxb3 26. Rc1 Rb1 27.
Rxb1 Qxb1+ 28. Kf2 Qb6+ 0-1

[Event "Mondiale Lampo FIDE 2022"]
[Site "Alma Ata"]
[Date "29.12.2022"]
[Round "4.78"]
[White "Abdilkhair, Abilmansur"]
[Black "Yilmaz, Mustafa"]
[Result "0-1"]
[WhiteTitle ""]
[BlackTitle ""]
[WhiteElo "2278"]
[BlackElo "2617"]
[WhiteFideId "13716417"]
[BlackFideId "6302718"]
[EventDate "29.12.2022"]

1. e4 c5 2. Nf3 d6 3. d4 cxd4 4. Nxd4 Nf6 5. Nc3 a6 6. Be3 e5 7. Nb3 Be6 8. f3
h5 9. Qd2 Nbd7 10. Nd5 Bxd5 11. exd5 g6 12. Be2 Bg7 13. Na5 Qc7 14. O-O e4 15.
f4 Ng4 16. Bxg4 hxg4 17. c4 f5 18. Rac1 Nc5 19. b4 Nd3 20. c5 Bf6 21. g3 O-O 22.
Nc4 dxc5 23. bxc5 Qf7 24. Nb6 Rad8 25. c6 Nxc1 26. Rxc1 bxc6 27. Rxc6 Bg7 28.
Qa5 Kh7 29. Qc5 Kg8 30. Qa5 Rfe8 31. Qxa6 Re7 32. Qc4 Rb7 33. a4 Rxb6 34. Bxb6
Rxd5 35. Be3 Rd1+ 36. Kf2 Qxc4 37. Rxc4 Ra1 38. Bd2 Ra2 39. Ke3 Ra3+ 40. Ke2 Bf8
41. a5 Kf7 42. Rc6 Ra2 43. Ke3 Ke8 44. a6 Kd7 45. Rc1 Rxa6 46. Be1 Ra3+ 47. Kd4
Bg7+ 48. Kd5 Rd3+ 49. Kc4 Rd4+ 50. Kc5 Rd3 51. Rb1 Bd4+ 52. Kc4 Kc6 53. Rb8 Bg1
54. Rg8 Rd4+ 55. Kc3 Rd1 56. Rxg6+ Kd5 57. Bd2 e3 58. Rf6 Rxd2 59. Rxf5+ Ke4 60.
Re5+ Kf3 61. f5 Rd8 62. f6 e2 63. f7 Bd4+ 0-1

[Event "Mondiale Lampo FIDE 2022"]
[Site "Alma Ata"]
[Date "29.12.2022"]
[Round "4.79"]
[White "Munkhdalai, Amilal"]
[Black "Kovalev, Vladislav"]
[Result "0-1"]
[WhiteTitle ""]
[BlackTitle ""]
[WhiteElo "2142"]
[BlackElo "2623"]
[WhiteFideId "4903250"]
[BlackFideId "13504398"]
[EventDate "29.12.2022"]

1. e4 e5 2. Nf3 Nc6 3. Bb5 a6 4. Ba4 Nf6 5. d3 d6 6. c4 g6 7. h3 Bg7 8. Nc3 O-O
9. Be3 Nd7 10. Bxc6 bxc6 11. d4 Rb8 12. b3 exd4 13. Bxd4 Nf6 14. O-O c5 15. Bxf6
Bxf6 16. Rc1 Re8 17. Re1 Bb7 18. Nd5 Bg7 19. Qd2 h6 20. Qa5 c6 21. Qxd8 Rbxd8
22. Nf4 Re7 23. Rcd1 Red7 24. Nd3 a5 25. Rc1 a4 26. e5 axb3 27. axb3 Bf8 28.
exd6 Bxd6 29. Re3 Bf8 30. Nde5 Re7 31. Rce1 Re6 32. Nd3 Bc8 33. Nfe5 Bg7 34.
Nxc5 Red6 35. Nf3 Kf8 36. Kh2 Rd1 37. Rxd1 Rxd1 38. Ne5 Rd6 39. b4 Rd4 40. Nxc6
Rxc4 41. Rd3 Bf6 42. Na7 Bf5 43. Rb3 h5 44. Nc6 h4 45. Na5 Be5+ 46. g3 hxg3+ 47.
fxg3 Rc2+ 48. Kg1 Bxh3 49. Nd3 Bd4+ 50. Kh1 Bg2+ 51. Kh2 Bd5+ 0-1

[Event "Mondiale Lampo FIDE 2022"]
[Site "Alma Ata"]
[Date "29.12.2022"]
[Round "4.80"]
[White "Suleimen, Ergali"]
[Black "Khusnutdinov, Rustam"]
[Result "1/2-1/2"]
[BlackTitle ""]
[WhiteElo "2073"]
[BlackElo "2441"]
[WhiteFideId "13724452"]
[BlackFideId "13701703"]
[EventDate "29.12.2022"]

1. e4 d5 2. exd5 Qxd5 3. Nc3 Qa5 4. d4 Nf6 5. Nf3 Bf5 6. Bd3 e6 7. O-O Nc6 8.
Bd2 Bxd3 9. cxd3 Qf5 10. Be3 Be7 11. Qb3 Rb8 12. Ne5 O-O 13. Nxc6 bxc6 14. Qc2
c5 15. dxc5 Bxc5 16. Ne4 Bb6 17. Rac1 Nd5 18. Bc5 Rfd8 19. a3 Nf4 20. Bxb6 cxb6
21. Rfd1 h6 22. b4 Rd7 23. Ng3 Qg6 24. d4 Qxc2 25. Rxc2 Rbd8 26. Rcd2 e5 27. Nf5
exd4 28. g3 Ne6 29. Rc1 h5 30. Kg2 g6 31. Nh4 Rc7 32. Rxc7 Nxc7 33. f4 Nb5 34.
a4 Nc3 35. a5 d3 36. Nf3 Ne4 37. Rd1 f6 38. Ne1 d2 39. Nf3 Rc8 40. axb6 axb6 41.
Nxd2 Rc2 42. Kf3 Nxd2+ 43. Ke3 Nc4+ 44. Kd3 Na3 45. Ra1 Rf2 46. Ke4 Nc2 47. Ra8+
Kf7 48. Ra7+ Ke6 49. Rb7 f5+ 50. Kd3 Nxb4+ 51. Ke3 Rxh2 52. Rxb6+ Kd5 53. Rxb4
Rc2 54. Kf3 Rc3+ 55. Kg2 Rc4 56. Rb6 Rc6 57. Rb4 Ke6 58. Kh3 Kf6 59. Rb8 Rc1 60.
Rb6+ Kg7 61. Rb7+ Kh6 62. Rb6 Rf1 63. Ra6 Rf2 64. Ra4 Kg7 65. Ra7+ Kh6 66. Ra4
h4 67. gxh4 Kh5 68. Kg3 Rf1 69. Ra8 Rg1+ 70. Kh3 Rh1+ 71. Kg3 Rg1+ 72. Kh3 Rh1+
73. Kg3 1/2-1/2